Chaîne de mots - Les chats - Statistiques

Statistiques générales
  • Ce quiz a été pris 199 fois
  • Le résultat moyen est 7 sur 15
Statistiques - réponses
Indice Mot % Correct
Proie préférée des chats Souris
90%
Les chats ont des vies au nombre de Neuf
83%
Endroit où les chats font leur besoin Litière
81%
Couleur de chat méprisé en raison de croyances Noir
80%
Pays où les chats étaient vénérés Egypte
78%
Les chats aiment beaucoup se prélasser au Soleil
74%
Félin qui vient de la même famille que les chats Tigre
64%
Marque de nourriture pour chats Whiskas
54%
Un des bruits que fait le chat Ronronnement
39%
Film oscarisé parlant d'un chat noir Flow
24%
croisement entre un chat et un serval Savannah
20%
Les chats en comptent plusieurs Races
19%
Ce que les chats cherchent a atteindre Hauteur
17%
Race de chats Européen
16%
La plupart des chats peuvent être comme ça Élégant
1%
Aucun quiz correspondant
Distribution des résultats
% des personnes avec chaque résultat
Percentile par nombre de réponses
Votre historique - résultats
Vous n’avez pas pris ce quiz